LIBRARY & INFORMATION CENTRE, KCAET, TAVANUR

ONLINE PUBLIC ACCESS CATALOGUE (OPAC)

Normal view MARC view
  • Supe, S.V .

Entry Personal Name

Number of records used in: 1

001 - CONTROL NUMBER

  • control field: 4148

003 - CONTROL NUMBER IDENTIFIER

  • control field: OSt

005 - DATE AND TIME OF LATEST TRANSACTION

  • control field: 20190523122715.0

008 - FIXED-LENGTH DATA ELEMENTS

  • fixed length control field: 190523|| aca||aabn | a|a d

040 ## - CATALOGING SOURCE

  • Original cataloging agency: OSt
  • Transcribing agency: OSt

100 ## - HEADING--PERSONAL NAME

  • Personal name: Supe, S.V .

670 ## - SOURCE DATA FOUND

  • Source citation: Work cat.: (OSt)13524: Supe, S.V ., Text book of extension education / , 2009.
free website counter